000 00980cam a2200277 4500
001 WS118831
008 020715n 000 0 eng u
035 _a(Sirsi) u118831
110 _aUnited Kingdom
_bDepartment of Trade and Industry
245 _aDTI : Telecoms
520 _aWeb site outlining government help for the telecommunications industry giving details of government sponsorship, research, schemes and initiatives, export help and regulatory guidance.
650 _aGOVERNMENT
650 _aTELECOMMUNICATIONS INDUSTRY
650 _aGRANTS
650 _aRADIO COMMUNICATIONS
650 _aBROADCASTING
650 _aSPACE TECHNOLOGY
650 _aMOBILE PHONES
650 _aSATELLITE COMMUNICATIONS
650 _aLICENSING
650 _aSPONSORSHIP
650 _aREGULATIONS
690 _aTRANSPORT AND COMMUNICATIONS
856 4 0 _uhttps://www.dti.gov.uk/sectors_telecomm.html
_zView the website free of charge at www.dti.gov.uk...
942 _n0
999 _c120099
_d120099